Food for work programme : final monitoring report on 1989/90 dry season Food-For-Work schemes assisted by WFP (Project 2197 exp. 5 (second extention) and 6) /

Saved in:
Bibliographic Details
Corporate Author: World Food Programme
Format: Book
Language:English
Published: Dhaka, Bangladesh : World Food Programme, 1991.
Subjects:
LEADER 01122cam a2200253 a 4500
001 c000414168
003 CARM
005 00000000000000.0
008 000921s1991 bg ab 000 0 eng d
019 1 |a 22986961 
035 |a (OCoLC)223222435 
040 |a VDU  |b eng  |c VDU 
043 |a a-bg--- 
082 0 4 |a 363.883095492  |2 21 
245 0 0 |a Food for work programme :  |b final monitoring report on 1989/90 dry season Food-For-Work schemes assisted by WFP (Project 2197 exp. 5 (second extention) and 6) /  |c Canada (Bilat 9109) / Australia (Bilat 522) / UK (Bilat 437) / EEC (Bilat TBA) / FRG (Bilat 9036) 
260 |a Dhaka, Bangladesh :  |b World Food Programme,  |c 1991. 
300 |a 103 p. :  |b ill. ;  |c 29 cm. 
650 0 |a Food supply  |z Bangladesh. 
650 0 |a Rural development projects  |z Bangladesh. 
650 0 |a Full employment policies  |z Bangladesh. 
710 2 |a World Food Programme. 
852 8 |b CARM  |h A3:AG18C0  |i F08195  |p 0569789  |f BK 
999 f f |i afd39b00-3b9e-5921-a6eb-f465fbed633b  |s df5af424-cadf-5cfb-bc98-fa2ce54f2dc0 
952 f f |p Can circulate  |a CAVAL  |b CAVAL  |c CAVAL  |d CARM 1 Store  |e F08195  |f A3:AG18C0  |h Other scheme  |i book  |m 0569789